000 00837cam a22002773a 4500
001 1356
003 PGUSA
005 20140828083000.0
008 980601s1998||||xxu|||||s|||||000 1 eng d
040 _aPGUSA
_beng
042 _adc
050 4 _aPR
100 1 _aBullen, Frank Thomas,
_d1857-1915
245 1 4 _aThe Cruise of the "Cachalot" Round the World After Sperm Whales
_h[electronic resource] /
_cFrank Thomas Bullen
260 _bProject Gutenberg,
_c1998
506 _aPublic domain in the USA.
516 _aElectronic text
653 _aSperm whale hunting -- Fiction
653 _aSea stories
653 _aWhaling ships -- Fiction
653 _aWhalers (Persons) -- Fiction
653 _aWhaling -- Fiction
830 0 _aProject Gutenberg
_v1356
856 4 0 _uhttp://www.gutenberg.org/ebooks/1356
942 _cEB
999 _c230704
_d230704